000 01328nam a2200301 i 4500
001 196953
003 SpMaBN
005 20250816063156.0
008 250225s2024 sp |||||| 000 | spa|
017 _aM 3117-2025
_bOficina Depósito Legal Madrid
020 _a9788409679461
040 _aSpMaBN
_bspa
_cSpMaBN
_erda
100 1 _aArias-Dávila Balmaseda, Manuel,
_9239675
_cconde de Puñonrostro
_eaut
245 1 0 _aPedrarias :
_bleyenda negra frente a los documentos /
_cManuel Arias-Dávila Balmaseda, Conde de Puñonrostro.
260 _a[Madrid] :
_bFundación Condes de Puñonrostro,
_c2025.
300 _a165 páginas :
_bilustrado a color ;
_c23 cm
336 _aTexto
_2rdacontent
337 _asin mediación
_2rdamedia
338 _avolumen
_2rdacarrier
600 0 4 _9241772
_aPedrarias Dávila
651 4 _98175
_aEspaña-
_vHistoria
_xColonias-
852 _aES-MaACL
_cDEPOJ
_jN-10428
_gDedicatoria autógrafa del autor
_hDonación: Manuel Arias-Dávila Balmaseda
_xEncuadernación rústica con solapas
_9206552
903 _9239675
_aArias-Dávila Balmaseda, Manuel,
_cconde de Puñonrostro
_ednr
942 _cMONOGRAFIA
_n0
999 _c196953
_d196953